Sir Joshua Reynolds : his life and art /

Bibliographic Details
Main Author: Gower, Ronald Sutherland, Lord, 1845-1916
Format: Book
Language:English
Published: London : G. Bell and sons, 1902.
Series:British artists series.
Subjects:

MARC

Tag First Indicator Second Indicator Subfields
LEADER 00000cam a2200000 4500
001 in00000734921
005 20151016070554.0
008 730920s1902 enkcfh 00010 eng u
010 |a  03000835  
035 |a (OCoLC)00692412 
035 |9 ADE3233AM 
040 |c MIA  |d TXA  |d UtOrBLW 
049 |a TXAM  |c [267991] 
050 0 |a ND497.R4  |b G7 
092 |a 759.1  |b R463g 
100 1 |a Gower, Ronald Sutherland,  |c Lord,  |d 1845-1916. 
245 1 0 |a Sir Joshua Reynolds :  |b his life and art /  |c by Lord Ronald Sutherland Gower, F. S. A. 
264 1 |a London :  |b G. Bell and sons,  |c 1902. 
300 |a xv, 144 pages :  |b including frontispiece plates, portraits, facsimiles ;  |c 21 cm. 
336 |a text  |b txt  |2 rdacontent 
337 |a unmediated  |b n  |2 rdamedia 
338 |a volume  |b nc  |2 rdacarrier 
490 1 |a The British artists' series 
600 1 0 |a Reynolds, Joshua,  |c Sir,  |d 1723-1792. 
830 0 |a British artists series. 
999 |a MARS 
999 f f |s 79d2d78b-e519-3733-9803-8b5bf3ada05e  |i 4aa1e277-7135-3994-afc1-cbbb49f2ea64  |t 0 
952 f f |p normal  |a Texas A&M University  |b College Station  |c Sterling C. Evans Library  |d Evans: Library Stacks  |t 0  |e ND497.R4 G7  |h Library of Congress classification  |i unmediated -- volume  |m A14801156209 
998 f f |a ND497.R4 G7  |t 0  |l Evans: Library Stacks